000
00308 a2200109 4500
001
ART_31388
005
20260410161707.0
008
260409a
245
1
0
_a
Recaudación tributaria nacional
100
1
_a
García, Fernando D.
773
0
_t
Revista Impuestos
_g
- Nº 6 (mar. 2007)
_w
REV639
999
_c
15705
_d
15705